000 00658nam a2200241Ia 4500
003 OSt
005 20221005120728.0
006 a|||||r|||| 00| 0
007 ta
008 221004b |||||||| |||| 00| 0 eng d
024 _a63808
037 _cTextual
040 _aCRL
_cCRL
_beng
041 _2eng
_aeng
082 _aW:2, J7
100 _aDavid Paul T
_9117285
245 0 _aExecutives for government
_b Central issues of federal personnel administration
260 _c1957
650 _aPOLITICAL SCIENCE
700 _a Pollock Ross
_9629570
942 _hW:2, J7
_cTEXL
_2cc
999 _c1038966
_d1038966